| 000 | 00355nam a2200145 i 4500 | ||
|---|---|---|---|
| 001 | bg | ||
| 100 | 1 | _aMAURI, H. | |
| 245 | 0 | 0 |
_aVorrichtungsbau. _nBd. 3, _pWirtschaftliche Herstellung / _cH. Mauri. |
| 250 | _aAufl.6 neubearb. | ||
| 260 |
_aBerlin, _c1969. |
||
| 040 | _cBPK | ||
| 041 | _apol | ||
| 942 | _cKS | ||
| 008 | s pl f |000 0 pol | ||
| 999 |
_c34825 _d34825 |
||
| 856 |
_uhttp://koha.tu.koszalin.pl/cgi-bin/koha/opac-detail.pl?biblionumber=34825 _yKatalog online BPK |
||